Utilization Of Electric Power And Traction / (Record no. 166408)
[ view plain ]
| 000 -LEADER | |
|---|---|
| fixed length control field | 00685nam a22001937a 4500 |
| 005 - DATE AND TIME OF LATEST TRANSACTION | |
| control field | 20191106105549.0 |
| 010 ## - LCCN (DPL NO) | |
| LC control number | ENG-126050 |
| 020 ## - INTERNATIONAL STANDARD BOOK NUMBER | |
| International Standard Book Number | 978-93-8472-690-4 |
| Terms of availability | 1295.00 (hb) |
| 035 ## - SYSTEM CONTROL NUMBER | |
| System control number | EN-109582 |
| 037 ## - SOURCE OF ACQUISITION | |
| Stock number | DBAD/PUB |
| 082 ## - DEWEY DECIMAL CLASSIFICATION NUMBER | |
| Classification number | 621.31 |
| 100 ## - MAIN ENTRY--PERSONAL NAME | |
| Personal name | Deb, Tanmoy |
| 245 ## - TITLE STATEMENT | |
| Title | Utilization Of Electric Power And Traction / |
| Statement of responsibility, etc | by Tanmoy Deb |
| 260 ## - PUBLICATION, DISTRIBUTION, ETC. (IMPRINT) | |
| Place of publication, distribution, etc | New Delhi |
| Name of publisher, distributor, etc | Ane Books Pvt. Ltd. |
| Date of publication, distribution, etc | 2018 |
| 270 ## - ADDRESS | |
| Address | 4821, Parwana Bhawan, 1st Floor, 24 Ansari Road |
| City | Daryaganj, New Delhi |
| Postal code | 110002 |
| Telephone number | 011-23276843, 232776863 |
| Electronic mail address | kapoor@anebooks.com |
| 300 ## - PHYSICAL DESCRIPTION | |
| Extent | xii;384p. |
| Dimensions | 24cm |
| 500 ## - GENERAL NOTE | |
| General note | Includes bibliographical references and index |
| 942 ## - ADDED ENTRY ELEMENTS (KOHA) | |
| Source of classification or shelving scheme | Dewey Decimal Classification |
| Item type | English Books |
| Classification part | 621.31 |
| Call number suffix | DEB |
| Withdrawn status | Lost status | Not for loan | Collection code | Home library | Current library | Date acquired | Source of acquisition | Cost, normal purchase price | Full call number | Barcode | Copy number | Cost, replacement price | Koha item type |
|---|---|---|---|---|---|---|---|---|---|---|---|---|---|
| Non-fiction | Bawana | Bawana | 06/11/2019 | DBAD/PUB | 1295.00 | 621.31 DEB | EN-109582 | 1 | 1295.00 | English Books |
